Gondi-English hand book. (Record no. 73025)

MARC details
000 -LEADER
fixed length control field 00848cam a22002531 4500
001 - CONTROL NUMBER
control field sa 67002074
003 - CONTROL NUMBER IDENTIFIER
control field DLC
005 - DATE AND TIME OF LATEST TRANSACTION
control field 20260227112328.0
008 - FIXED-LENGTH DATA ELEMENTS--GENERAL INFORMATION
fixed length control field 870817s1965 ii s000 0 eng
010 ## - LIBRARY OF CONGRESS CONTROL NUMBER
LC control number sa 67002074
025 ## - OVERSEAS ACQUISITION NUMBER
Overseas acquisition number PL480:I-E-7318
035 ## - SYSTEM CONTROL NUMBER
System control number (OCoLC)16500346
040 ## - CATALOGING SOURCE
Original cataloging agency DLC
Transcribing agency WaU
Modifying agency DLC
041 0# - LANGUAGE CODE
Language code of text/sound track or separate title goneng
050 00 - LIBRARY OF CONGRESS CALL NUMBER
Classification number PL4633
Item number .B6
100 1# - MAIN ENTRY--PERSONAL NAME
Personal name Bodhankar, Anantrao.
245 10 - TITLE STATEMENT
Title Gondi-English hand book.
260 ## - PUBLICATION, DISTRIBUTION, ETC.
Place of publication, distribution, etc. Bombay,
Name of publisher, distributor, etc. Director, Govt. Print. and Stationery, Maharashtra State,
Date of publication, distribution, etc. 1965.
300 ## - PHYSICAL DESCRIPTION
Extent 51 p.
Dimensions 21 cm.
500 ## - GENERAL NOTE
General note Cover title.
500 ## - GENERAL NOTE
General note At head of title: Tribal Research Unit, Directorate of Social Welfare, Maharashtra State.
650 #0 - SUBJECT ADDED ENTRY--TOPICAL TERM
Topical term or geographic name entry element English language
General subdivision Conversation and phrase books
-- Gondi.
610 10 - SUBJECT ADDED ENTRY--CORPORATE NAME
Corporate name or jurisdiction name as entry element Maharashtra, India (State)
Subordinate unit Social Welfare Department Tribal Research Unit.

No items available.

Powered by Koha